02296nam a2200265 a 4500003000500000005001700005007001500022008004100037035001100078040000900089100002500098245016600123264004100289300006100330336002700391337002900418338004000447502002700487520133600514650002601850650002201876650002501898700005401923856005301977CHAP20250124144659.0cr ||||||a|c|a110125s2010 mx r 00010 spa d a112003 cCHAP1 aPacheco Ortiz, Nadia10aProducción de melon (Cucumis melo L.) bajo acolchado plástico y riego por cintillac/por Nadia Pacheco Ortiz; director de tesis Marco Antonio Inzunza Ibarra. aBermejillo, Dgo. :bEl autor,c2010. a1 recurso en línea (82 páginas) :bfiguras, cuadros. 2rdacontentatextobtxt 2rdamediaacomputadorabc 2rdacarrierarecursos en líneabcr bISAcURUZAd2010.gLIC aEl presente trabajo se llevó a cabo en el Campo Experimental del CENID RASPA INIFAP, ubicado en Gómez Palacio, Dgo., México. Se determinó la productividad del agua, medida como la cantidad de fruto producida (kg) por unidad de volumen de agua (m3) consumida y el rendimiento (tha-1) de melón (Cucumis melo L.). Los factores evaluados fueron el color del acolchado plástico (C) y dos profundidades de colocación de la cintilla (P). Para el color del acolchado plástico se estudiaron cuatro niveles: negro (N), gris (G), azul (AZ) y sin acolchar (SA). Para encontrar la mejor colocación de la cintilla se compararon dos profundidades: enterrada a 25 cm (P1) y colocada sobre la superficie del suelo (P2). Como variable auxiliar se midió la temperatura del suelo. Se utilizó un diseño de tratamientos factorial 4 x 2 y fueron distribuidos en un diseño experimental completamente al azar con tres repeticiones para hacer un total de 24 parcelas experimentales en campo. Los tratamientos con acolchado gris (G) presentaron un rendimiento superior a los demás colores de acolchado con un rendimiento medio de 49.7 t ha-1 mientras que los rendimientos para los tratamientos sin acolchar resultaron ser significativamente inferiores (37.1 t ha-1). La profundidad de cintilla resulto ser un factor no influyente.14aMelónxRendimiento.14aMelónzDurango.14aRiego por cintillas.1 aInzunza Ibarra, Marco AntonioeDirector de tesis. uhttp://10.13.5.2/tesis/112003.pdfzDESCARGAR PDF